000 00385nam a2200133Ia 4500
008 151021s9999 xx 000 0 und d
020 _a9.7800711059e+012
050 _aQA276.12.B585 2000
245 _a_Elementary statistics A step by step Approach ( 6th ed)
300 _axxx,802p.;ill
500 _aIncludes Index
650 _a_Statistics
980 _a^d20120828 09:24:55^okorir
999 _c6033
_d6033